सूयगडो 1 / (Record no. 63890)
[ view plain ]
| 000 -LEADER | |
|---|---|
| fixed length control field | 00760nam a22001817a 4500 |
| 005 - DATE AND TIME OF LATEST TRANSACTION | |
| control field | 20120309121448.0 |
| 020 ## - INTERNATIONAL STANDARD BOOK NUMBER | |
| Terms of availability | 185.00 |
| International Standard Book Number | |
| 035 ## - SYSTEM CONTROL NUMBER | |
| System control number | A-836122 |
| 037 ## - SOURCE OF ACQUISITION | |
| Source of stock number/acquisition | |
| Stock number | dpl |
| 082 ## - DEWEY DECIMAL CLASSIFICATION NUMBER | |
| Classification number | 250 |
| 100 ## - MAIN ENTRY--PERSONAL NAME | |
| Personal name | महाप्रज्ञ, युवाचार्य |
| 245 1# - TITLE STATEMENT | |
| Title | सूयगडो 1 / |
| Statement of responsibility, etc | युवाचार्य महाप्रज्ञ |
| 260 ## - PUBLICATION, DISTRIBUTION, ETC. (IMPRINT) | |
| Place of publication, distribution, etc | लाड़नूं |
| Name of publisher, distributor, etc | जैन विश्व भारती प्रकाशन |
| Date of publication, distribution, etc | 1984 |
| 270 ## - ADDRESS | |
| Address | |
| City | |
| Postal code | |
| Telephone number | |
| 300 ## - PHYSICAL DESCRIPTION | |
| Extent | 661पृ. |
| Dimensions | 25सेमी (अजिल्द) |
| 942 ## - ADDED ENTRY ELEMENTS (KOHA) | |
| Institution code [OBSOLETE] | dpl |
| Item type | Hindi Books |
| Call number prefix | |
| Source of classification or shelving scheme | Dewey Decimal Classification |
| Classification part | 240 |
| Call number suffix | महाप्र |
| Withdrawn status | Lost status | Not for loan | Collection code | Home library | Current library | Date acquired | Cost, normal purchase price | Full call number | Barcode | Cost, replacement price | Koha item type |
|---|---|---|---|---|---|---|---|---|---|---|---|
| Non-fiction | Sarojini Nagar | Sarojini Nagar | 09/03/2012 | 185.00 | 240 महाप्र | A-836122 | 185.00 | Hindi Books |
